logo

Bir Sreshtho Munshi Abdur Rouf Library
Jhenaidah Cadet College

The partial view / (Record no. 6034)

MARC details
000 -LEADER
fixed length control field 00716cam a22002531i 4500
001 - CONTROL NUMBER
JCCL Control Number 6034
003 - CONTROL NUMBER IDENTIFIER
JCCL marc code BD-JhCC
005 - DATE AND TIME OF LATEST TRANSACTION
control field 20180101121149.0
008 - FIXED-LENGTH DATA ELEMENTS--GENERAL INFORMATION
fixed length control field 770512s1954 enk 000 0 eng
035 ## - SYSTEM CONTROL NUMBER
system control number (BD-JhCC)6034
040 ## - CATALOGING SOURCE
Original cataloging agency DLC
Transcribing agency MNoW
Modifying agency OCoLC
-- Uk
-- DLC
041 ## - LANGUAGE CODE
Language code of Book eng
082 ## - DEWEY DECIMAL CLASSIFICATION NUMBER
Classification number 823.912
Author mark and Year SOM 1954
100 1# - MAIN ENTRY--PERSONAL NAME
Personal name Maugham, W. Somerset
Fuller form of name (William Somerset),
Dates associated with a name 1874-1965.
245 14 - TITLE STATEMENT
Title The partial view /
Statement of responsibility, etc by W. Somerset Maugham.
260 ## - PUBLICATION, DISTRIBUTION, ETC. (IMPRINT)
Place of publication, distribution, etc London :
Name of publisher, distributor, etc Heinemann,
Date of publication, distribution, etc 1954.
300 ## - PHYSICAL DESCRIPTION
Pagination xii, 183, 292 p. ;
Dimensions 21 cm.
505 0# - FORMATTED CONTENTS NOTE
Formatted contents note The summing-up.--A writer's notebook.
650 ## - SUBJECT ADDED ENTRY--TOPICAL TERM
Topical term or geographic name as entry element Novel, English
740 4# -
Uncontrolled related/analytical title The summing up.
740 2# -
Uncontrolled related/analytical title A writer's notebook.
942 ## - ADDED ENTRY ELEMENTS (KOHA)
Source of classification or shelving scheme Dewey Decimal Classification
Koha item type Books
Holdings
Source of classification or shelving scheme Damaged status Not for loan Home library Current library Shelving location Date of accession Total Checkouts Full call number Barcode Date last seen Copy number Koha item type
Dewey Decimal Classification     JCC Rouf Library JCC Rouf Library General Stacks 01/01/2018   823.912 SOM 1954 8427 01/01/2018 C-1 Books

JCC Library | Contacts | JCC Home

Last Update on 23 September 2017
Copyright @ 2017-2020 JCC Rouf Library
Rouf Library, Jhenidah Cadet College (JCC), Bangladesh